000 01206cam a2200313 i 4500
001 50384
003 Mx-PuUPA
005 20221205090123.0
008 140415s2018 xxca gr 000 0 eng d
020 _a9781487501112
040 _aMx-PuUPA
_bspa
_cMx-PuUPA
_dMx-PuUPA
_erda
041 0 _aeng
100 1 _aMarion, Tucker J.,
_eautor
_99228
245 1 4 _aThe innovation navigator :
_btransforming your organization in the era of digital design and collaborative culture /
_cTucker J. Marion and Sebastian K. Fixson
246 1 8 _aThe innovation navigator
264 1 _aToronto :
_bUniversity of Toronto Press,
_c©2018
300 _axi, 187 páginas :
_bilustraciones ;
_c24 cm
336 _2rdacontent
_atexto
_btxt
337 _2rdamedia
_asin medio
_bn
338 _2rdacarrier
_avolumen
_bnc
650 4 _aCambio organizacional
650 4 _aInnovaciones tecnológicas
700 1 _aFixson, Sebastian K.,
_eautor
942 _2ddc
_cLI
_h658.406
_iM298
999 _c50384
_d50384